Name That Psychiatric Disorder by symptom - Statistics

General Stats
  • This quiz has been taken 518 times
  • The average score is 9 of 22
Answer Stats
Hint Answer % Correct
Pronounced mood swings, depression, mania Bipolar Disorder
97%
Delusions, hallucinations, anhedonia, disorganized thinking Schizophrenia
85%
Obsessions, superstitious thinking, compulsions Obsessive Compulsive Disorder
80%
Fear of losing control, obsessive preoccupation with body, failure to maintain healthy weight Anorexia Nervosa
69%
Nightmares, obsessive thoughts, flashbacks Posttraumatic Stress Disorder
68%
Unstable relationships, self-harm, impulsivity, feeling empty Borderline Personality Disorder
60%
Excessive sleeping/eating during the winter months, sadness, depression Seasonal Affective Disorder
53%
Easily distracted, forgetful, impulsive, fidgets, often talks excessively, interrupts and intrudes on others Attention Deficit Hyperactivity Disorder
50%
Impulsivity, angry outbursts, extensive legal/criminal history Antisocial Personality Disorder
49%
Paranoid, persistently bears grudges, unforgiving, suspicious of others motives Paranoid Personality Disorder
41%
Restless, easily fatigued, irritability, muscle-tension, sleep disturbances Generalized Anxiety Disorder
39%
Inappropriately seductive, manipulative, overdramatic, easily influenced by others, needs to be center of attention Histrionic Personality Disorder
36%
Has no personal relationships, always chooses solitary activities, detached, derives no pleasure from personal experiences, asexual Schizoid Personality Disorder
31%
Cataplexy, sleep paralysis, hallucinations Narcolepsy
27%
Preoccupied with a specific body part, belief that body part is defective or deformed Body Dysmorphic Disorder
25%
Mild, short-lived mood swings, hypomania, depression Cyclothymic Disorder
20%
Persistent, reoccuring experiences of feeling detatched from one's body and/or mental processes Depersonalization Disorder
20%
Partial amnesia, adopting a new identity, abrupt travel away from home Dissociative Fugue
20%
Depression, mania, hallucinations, delusions, disorganized thinking Schizoaffective Disorder
20%
Sexually aroused by inanimate objects, has distressing or disturbing sexual fantasies Sexual Fetishism
10%
Repeatedly regurgitates and rechews their food Rumination Disorder
7%
Repeatedly passes feces in inappropriate places, not due to medical condition or physiological issue Encopresis
5%
No matching quizzes found
Score Distribution
Percent of People with Each Score
Percentile by Number Answered
Your Score History
You have not taken this quiz